[Event "CAN-ch U18"]
[Site "Sault Ste Marie"]
[Date "2017.07.10"]
[Round "7.10"]
[White "Brousseau, Joshua"]
[Black "McGovern, Michael"]
[Result "0-1"]
[WhiteElo "1021"]
[BlackElo "1160"]
[PlyCount "78"]
[EventDate "2017.07.06"]
[EventType "swiss"]
[EventRounds "7"]
[EventCountry "CAN"]
[SourceTitle "EXT 2022"]
[Source "ChessBase"]
[SourceDate "2021.10.06"]
[SourceVersion "1"]
[SourceVersionDate "2021.10.06"]
[SourceQuality "1"]

1. e4 c6 2. d4 d5 3. Nc3 dxe4 4. Nxe4 Nf6 5. Nxf6+ exf6 6. Nf3 Bd6 7. Bd3 0-0 8. 0-0 Bg4 9. Be3 Qc7 10. h3 Bh5 11. g4 Bg6 12. Bxg6 hxg6 13. Qd3 Nd7 14. c4 c5 15. Rae1 cxd4 16. Bxd4 Rfe8 17. h4 Nc5 18. Qc2 Qc6 19. Bxc5 Bxc5 20. Nd2 Qc7 21. Kg2 Rxe1 22. Rxe1 Qf4 23. f3 Bd6 24. Nf1 Bc5 25. Qe4 Qh6 26. Kg3 Bd6+ 27. f4 g5 28. hxg5 fxg5 29. Kf3 gxf4 30. Qxb7 Qh3+ 31. Kf2 Bc5+ 32. Ke2 Re8+ 33. Kd2 Rd8+ 34. Kc2 Qd3+ 35. Kc1 Qxc4+ 36. Kb1 Qd3+ 37. Kc1 Be3+ 38. Nxe3 fxe3 39. Qb3 Qd2+ 0-1

[Event "CAN-ch U18"]
[Site "Sault Ste Marie"]
[Date "2017.07.07"]
[Round "4.8"]
[White "Shi, Diwen"]
[Black "Brousseau, Joshua"]
[Result "1-0"]
[WhiteElo "2287"]
[BlackElo "1021"]
[PlyCount "23"]
[EventDate "2017.07.06"]
[EventType "swiss"]
[EventRounds "7"]
[EventCountry "CAN"]
[SourceTitle "EXT 2022"]
[Source "ChessBase"]
[SourceDate "2021.10.06"]
[SourceVersion "1"]
[SourceVersionDate "2021.10.06"]
[SourceQuality "1"]

1. e4 c5 2. Nc3 Nc6 3. f4 d6 4. Nf3 Bg4 5. Bb5 e6 6. h3 Bxf3 7. Qxf3 Nge7 8. 0-0 g6 9. f5 exf5 10. exf5 Nxf5 11. Bxc6+ bxc6 12. Qxc6+ 1-0

[Event "CAN-ch U18"]
[Site "Sault Ste Marie"]
[Date "2017.07.06"]
[Round "2.12"]
[White "Renaud, Alexandre"]
[Black "Brousseau, Joshua"]
[Result "0-1"]
[WhiteElo "1164"]
[BlackElo "1021"]
[PlyCount "58"]
[EventDate "2017.07.06"]
[EventType "swiss"]
[EventRounds "7"]
[EventCountry "CAN"]
[SourceTitle "EXT 2022"]
[Source "ChessBase"]
[SourceDate "2021.10.06"]
[SourceVersion "1"]
[SourceVersionDate "2021.10.06"]
[SourceQuality "1"]

1. d4 d5 2. c4 c6 3. e3 Nf6 4. Nf3 Bg4 5. Be2 dxc4 6. Bxc4 e6 7. Nc3 Bb4 8. 0-0 0-0 9. Be2 Nbd7 10. a3 Bd6 11. b4 Qc7 12. b5 Bxf3 13. Bxf3 Bxh2+ 14. Kh1 Bd6 15. Ne4 Nxe4 16. Bxe4 cxb5 17. Qh5 Nf6 18. Qh4 Nxe4 19. Qxe4 f5 20. Qxe6+ Rf7 21. Qd5 Rd8 22. Qxb5 Rf6 23. e4 fxe4 24. Qd5+ Kf8 25. Qxe4 h6 26. Bb2 Rf4 27. Rfc1 Rxe4 28. Rxc7 Bxc7 29. g3 Re2 0-1